Quizzes
Events
Quiz Creation
Community
Videos
Private Events
Remove Ads
Sign In
Join for FREE
Feedback
Dark Mode
Quiz Categories
Sports
Geography
Music
Movies
Television
Just For Fun
Miscellaneous
History
Literature
Language
Science
Gaming
Entertainment
Religion
Holiday
For Kids
Quiz Lab
Recent
Popular Today
Quiz Kudos Today
Editor Picks
Curator Picks
Quizzes by...
Day
Popularity
Type
Ratings
Length
Year
Community
Subscriptions
Recent Discussions
Orange Saloon
Badges
Playlists
Quests
Create
Leaderboards
Showdown
Live 5
Trivia Bingo
Activity
Puzzle Library
Sporcle Events
Private Events
Virtual Trivia
Globe League
Become a Host
Pub Owners
SporcleCon
Opinionation
Our Games
Videos
Blog
Mobile Apps
Partnerships
Remove Ads and Go Orange
Feedback
Geography
Country
Landmarks
City
State
Population
World
Capital
Continent
Flags
Europe
Africa
Asia
South America
North America
Oceania
Border
Canada
United Kingdom
Topography
United States
Geography
Country
Landmarks
City
State
Population
World
Capital
Continent
Flags
Europe
Africa
Asia
South America
North America
Oceania
Border
Canada
United Kingdom
Topography
United States
Random Quiz
Search Sporcle
×
Quiz Lab
Quiz Lab
Geography
City
Type in answers that appear in a list
Type in answers that appear in a list
Classic
Best Score? Go Orange.
Cleveland Suburbs Stats
Can you name the cities and villages of Cuyahoga County that are considered suburbs of Cleveland?
By
triberocker
8m
56 Questions
1,118 Plays
1,118 Plays
1,118 Plays
Comments
Comments
Give Quiz Kudos
Give Quiz Kudos
-
- Ratings
hide this ad
Replay
Link that replays current quiz
Next Quiz
Link to next quiz in quiz playlist
You Got
0%
They Got
Avg Score
47%
Avg Friend Score
Upgrade to see
Score Distribution
Jump to the score distribution portion of the page
Score
0/56
Timer
08:00
0
Plays Today
Suburb
% Correct
Parma
81.8%
Cleveland Heights
81.2%
Lakewood
80.2%
Euclid
75%
Shaker Heights
71.6%
Westlake
71.6%
Rocky River
65.8%
Parma Heights
63.7%
East Cleveland
63.5%
Strongsville
62.3%
Solon
61.2%
Bay Village
60.9%
Beachwood
60.6%
Brooklyn
59%
Brecksville
57.7%
Berea
57.2%
North Olmsted
57%
Garfield Heights
56.4%
Mayfield Heights
54.7%
Orange
52.7%
North Royalton
52%
Independence
51.8%
Broadview Heights
51.5%
University Heights
51.1%
Olmsted Falls
50.4%
South Euclid
50.2%
Bedford
50.1%
Maple Heights
50%
Suburb
% Correct
Chagrin Falls
49.8%
Pepper Pike
47.5%
Lyndhurst
46.2%
Cuyahoga Heights
44%
Warrensville Heights
43.6%
Seven Hills
43.5%
Fairview Park
43.4%
Middleburg Heights
43%
Brook Park
41%
Bedford Heights
40%
Richmond Heights
39%
Bratenahl
38%
Gates Mills
37.8%
Highland Heights
37.5%
Valley View
34.3%
Brooklyn Heights
33.7%
Linndale
31.7%
Mayfield Village
31.1%
Hunting Valley
29.2%
Newburgh Heights
27%
Moreland Hills
26.9%
Oakwood
24.8%
North Randall
24%
Woodmere
22.9%
Highland Hills
21.3%
Walton Hills
20.9%
Bentleyville
20.8%
Glenwillow
17.1%
Quiz Playlist
Details
Report
Send in Message
Add To Playlist
Classic:
Type in answers that appear in a list
Quiz Source
Last Updated: Feb 16, 2017
Quiz Scoreboard
CHALLENGE
Sign Up to Join the Scoreboard
Show All
Scores
Hide
Comments
May contain spoilers
Recently Published
9x9 Crossword: Cartoon Network
by jackfrog10
Miscellaneous
3m
College Basketball Coaching Resumes
by pancakes188
Sports
9m
Billboard Blitz: Fleetwood Mac
by CooCooCachoo
Music
15s
More to Explore
Quiz From the Vault
Featured Blog Post
Where Did the Easter Bunny Come From?
hide this ad
You Might Also Like...
Tags
City Quiz
Cleveland
Considered
counties
Cuyahoga
Cuyahoga County
suburb
Village
Today's Top Quizzes in Geography
Browse Geography
hide this ad
Today's Top Quizzes in City
Browse City
Top Contributed Quizzes in Geography
1
Countries of the World - No Outlines Minefield
2
Top 25 Cities of France on a map
3
Any capital of a 'B' country per Continent
4
Any capital of a 'C' country per Continent
5
Closest Countries to UK A-Z
6
Any capital of a 'D' country per Continent
7
5-to-1: US Geography No Hints
8
Any capital of an 'E' country per Continent
9
Find the US States - No Outlines
10
Any capital of an 'F' country per Continent
Explore More
Trending Topics
Kpop
Harry Potter
Crossword
Anime
Disney
Marvel
NBA
Soccer
Song
WWE
NFL
Country
The Office
Pokémon
Puzzle
hide this ad
More By:
triberocker
Quiz
Plays
Rating
Category
Featured
Created
World Capitals by Last Letter
61,703
4.74
Geography
Jun 1, 2010
City by Sports Lineup
1,898
3.91
Sports
May 27, 2010
US Capitals by Last Letter
1,706
3.96
Geography
Jun 2, 2010
Cleveland Suburbs
1,118
4.43
Geography
May 26, 2010
Cleveland A-Z
783
5.00
Geography
Feb 4, 2011
Go to Creator's Profile
Score Distribution
Quiz Creator Spotlight
triberocker
Follow
Send a Message
Quizzes Created
-
Created Quiz Play Count
-
More By This Creator
Popular Quizzes Today
1
Find the US States - No Outlines Minefield
2
Find the Countries of Europe - No Outlines Minefield
3
The Countries of the World
4
Find the US States
5
Risky Map Clicking: Biggest States A-Z
6
US States
7
Popular People in 1961
8
Movies - When Are They Set?
More Geography Quizzes
It's Been a Slice: US States VIII
Curator's Pick
Trending Quizzes
Risky Map Clicking: Least Populous States A-Z
1-10 Letter G Words
1-10 Letter F Words
Risky Map Clicking: Next State Alphabetically
Adjectives in 80s TV Shows
Recently Updated
Leaping Animals
pecheneg
Reality TV Shows (A-Z)
bhenderson79
Rickey Henderson's Hall of Fame Teammates
pecheneg
Champions League XIs: Arsenal
pecheneg
Quick Pick: Celebrities in WWE's Hall of Fame
aduchscher
A-Z Keypad Blitz II
pecheneg
Multiple Oscar Actors
pecheneg
Mystery Phrase Blitz: Oscar 'Best Actors'
pecheneg
F. Scott Fitzgerald Novels
LTH
Pick 3 Villains
ddd62291
Trending Topics
Anime
Marvel
Kpop
Crossword
NBA
Disney
Harry Potter
Puzzle
Country
The Office
NFL
Song
Pokémon
WWE
Soccer
Your Account Isn't Verified!
In order to create a playlist on Sporcle, you need to verify the email address you used during registration. Go to your
Sporcle Settings
to finish the process.
Report this User
Report this user for behavior that violates our
Community Guidelines
.
Details:
Send Report
Go to the Sporcle.com Mobile Site →
Comments